| 000 | 01491cam a22002653a 4500 | ||
|---|---|---|---|
| 001 | 9979 | ||
| 003 | PGUSA | ||
| 005 | 20140828083218.0 | ||
| 008 | 060201s2006||||xxu|||||s|||||000 | eng d | ||
| 040 |
_aPGUSA _beng |
||
| 042 | _adc | ||
| 050 | 4 | _aPR | |
| 100 | 1 |
_aDobson, Austin, _d1840-1921 |
|
| 245 | 1 | 0 |
_aDe Libris : _bProse and Verse _h[electronic resource] / _cAustin Dobson |
| 260 |
_bProject Gutenberg, _c2006 |
||
| 505 | 0 | _aPrologue -- On some books and their associations -- An epistle to an editor -- Bramston's "Man of taste" -- The passionate printer to his love -- M. Rouquet on the arts -- The friend of humanity and the rhymer -- The parent's assistant -- A pleasant invective against printing -- Two modern book illustrators: I. Kate Greenaway -- A song of the Greenaway child -- Two modern book illustrators: II. Mr. Hugh Thomson -- Horatian ode on the tercentenary of "Don Quixote" -- The books of Samuel Rogers -- Pepys' "Diary" -- A French critic on Bath -- A welcome from the "Johnson club" -- Thackeray's "Esmond" -- A Miltonic exercise -- Fresh facts about Fielding -- The happy printer -- Cross readings--and Caleb Whitefoord -- The last proof. | |
| 506 | _aPublic domain in the USA. | ||
| 516 | _aElectronic text | ||
| 653 | _aThomson, Hugh, 1860-1920 | ||
| 653 | _aEnglish literature -- History and criticism | ||
| 653 | _aGreenaway, Kate, 1846-1901 | ||
| 830 | 0 |
_aProject Gutenberg _v9979 |
|
| 856 | 4 | 0 | _uhttp://www.gutenberg.org/ebooks/9979 |
| 942 | _cEB | ||
| 999 |
_c239235 _d239235 |
||